| 000 | 00779nam a2200217 i 4500 | ||
|---|---|---|---|
| 001 | 124061 | ||
| 003 | ES-MaACL | ||
| 005 | 20230906192318.0 | ||
| 007 | t| | ||
| 008 | 070214s1984 sp r ||||1| spa d | ||
| 100 | 1 |
_aRanke, Leopold von. _995425 |
|
| 245 | 1 | 0 |
_aSobre las épocas de la historia moderna / _cLeopold von Ranke ; edición preparada por Dalmacio Negro Pavón. |
| 260 |
_aMadrid : _bEditora Nacional, _c1984. |
||
| 300 |
_a346 p. ; _c21 cm. |
||
| 490 | 1 |
_aClásicos para una biblioteca contemporánea. Pensamiento ; _v38 |
|
| 651 |
_aEuropa- _xHistoria. _98599 |
||
| 700 | 1 |
_aNegro Pavón, Dalmacio. _985316 |
|
| 830 | 0 |
_aClásicos para una biblioteca contemporánea. Pensamiento ; _v38 _9183674 |
|
| 852 |
_aES-MaACL _jL-6568 _bR.107209 |
||
| 999 |
_c124061 _d124061 |
||